Afghan (Record no. 324276)

000 -LEADER
fixed length control field 00306 a2200133 4500
001 - CONTROL NUMBER
control field 89203
082 ## - DEWEY DECIMAL CLASSIFICATION NUMBER
Classification number 823.914 FOR
090 ## - LOCALLY ASSIGNED LC-TYPE CALL NUMBER (OCLC); LOCAL CALL NUMBER (RLIN)
-- 42153
-- 42153
100 ## - MAIN ENTRY--PERSONAL NAME
Personal name Forsyth Frederick
245 ## - TITLE STATEMENT
Title Afghan
Remainder of title novel
260 ## - PUBLICATION, DISTRIBUTION, ETC.
Place of publication, distribution, etc. GB
Name of publisher, distributor, etc. Corgi books
Date of publication, distribution, etc. 2010
300 ## - PHYSICAL DESCRIPTION
Extent 463 p.
Other physical details Pb
650 ## - SUBJECT ADDED ENTRY--TOPICAL TERM
Topical term or geographic name entry element english novel;fiction
942 ## - ADDED ENTRY ELEMENTS (KOHA)
Institution code [OBSOLETE] CAE NUST
Call number prefix 823.914 FOR
Holdings
Withdrawn status Lost status Damaged status Not for loan Collection code Permanent Location Current Location Date acquired Total Checkouts Full call number Barcode Date last seen Price effective from Koha item type
          College of Aeronautical Engineering (CAE) College of Aeronautical Engineering (CAE) 04/03/2017   823.914 FOR CAE86086 04/05/2017 04/05/2017 Book
© 2023 Central Library, National University of Sciences and Technology. All Rights Reserved.